000
00236nam a2200097Ia 4500
008
230508s2000 xx 000 0 und d
041
_a
eng
100
_a
JAIN P.L.
245
_a
PRIN.OF FOUNDRY TECNOLOGY 3RD ED
260
_b
TATA MCG
_c
2000
999
_c
341604
_d
341604